00611cam a2200193ua 4500001000400000008003900004040000900043082001100052245006700063250000900130260003600139300002400175653002300199653004500222700002000267942000700287999001300294952011000307696110412n ii |||gr||||Z||||||eng cMAIN a342.54 aCritical study of the constitution of India.cBy Girdhari Lal. a1st. aNew Delhi.:bIndian press.,954. avi, 384 p.:c20 cm. aPolitical science. aCritical study of constitution of India.1 aLal, Girdhari., cBK c623d623 00104070aMAINbMAINcGEN | 2d2020-09-19l0o342.54 | LALp251r2020-09-19 00:00:00t1w2020-09-19yBK